Famous People Who Gained Fame After Death - Statistics

General Stats
  • This quiz has been taken 226 times
    37 since last reset
  • The average score is 10 of 20
Answer Stats
Life Fame Since Hint Person % Correct
1929–1945 1950s Wrote a diary detailing her time during WWII Anne Frank
94%
1818–1848 1850s–1870s Author of Wuthering Heights Emily Brontë
89%
1809–1849 1850s–1900s Writer of "The Raven" and "The Tell-Tale Heart" Edgar Allan Poe
83%
1856–1943 Late 1900s Futurist Serbian-American inventor of AC electricity Nikola Tesla
80%
1853–1890 1900s–1910s Post-Impressionist painter of sunflowers Vincent Van Gogh
80%
1819–1891 1920s–1940s Author of Moby Dick Herman Melville
74%
1883–1924 1930s–1940s Czech author who wrote "The Metamorphosis" Franz Kafka
71%
1822–1884 1900 Geneticist monk with pea plant experiments Gregor Mendel
51%
1817–1862 Late 1800s Author of Walden and "Civil Disobedience" Henry David Thoreau
43%
1890–1937 1940s–1960s Cosmic horror writer of the Cthulhu Mythos H. P. Lovecraft
43%
1932–1963 1970s American poet and author of The Bell Jar Sylvia Plath
43%
1795–1821 1840s Romantic poet known for "Ode to a Nightingale" John Keats
34%
1911–1938 1960s Blues guitarist of "Cross Road Blues" Robert Johnson
34%
1813–1855 1880s–1900s Danish theologian, the first existentialist philosopher Søren Kierkegaard
34%
1830–1886 1890s Poet known for "Because I could not stop for Death" Emily Dickinson
31%
1757–1827 1860s Poet who wrote about a tyger burning bright William Blake
31%
1954–2004 2005–2010 Author of The Girl With the Dragon Tattoo Stieg Larsson
29%
1937–1969 1980 Wrote A Confederacy of Dunces John Kennedy {Toole}
26%
1948–1974 1990s Singer-songwriter of Pink Moon Nick {Drake}
26%
1891–1960 1970s Harlem Renaissance: Their Eyes Were Watching God Zora Neale {Hurston}
20%
No matching quizzes found
Score Distribution
Percent of People with Each Score
Percentile by Number Answered
Your Score History
You have not taken this quiz since the last reset